U.S. Presidents Quiz in 90 Seconds - Statistics

General Stats
  • This quiz has been taken 253 times
  • The average score is 33 of 44
Answer Stats
Term President % Correct
2017- Donald Trump
95%
1789-1797 George Washington
95%
1989-1993 George H.W. Bush
93%
2001-2009 George W. Bush
93%
1861-1865 Abraham Lincoln
92%
2009-2017 Barack Obama
92%
1933-1945 Franklin D. Roosevelt
89%
1993-2001 Bill Clinton
88%
1901-1909 Theodore Roosevelt
88%
1961-1963 John F. Kennedy
87%
1797-1801 John Adams
86%
1825-1829 John Quincy Adams
86%
1981-1989 Ronald Reagan
85%
1963-1969 Lyndon B. Johnson
84%
1969-1974 Richard Nixon
84%
1865-1869 Andrew Johnson
82%
1977-1981 Jimmy Carter
78%
1945-1953 Harry Truman
76%
1801-1809 Thomas Jefferson
76%
1929-1933 Herbert Hoover
75%
1974-1977 Gerald R. Ford
74%
1809-1817 James Madison
74%
1913-1921 Woodrow Wilson
72%
1953-1961 Dwight D. Eisenhower
71%
1829-1837 Andrew Jackson
70%
1889-1893 Benjamin Harrison
69%
1817-1825 James Monroe
69%
1841 William Henry Harrison
69%
1885-1889, 1893-189 Grover Cleveland
68%
1869-1877 Ulysses S. Grant
68%
1923-1929 Calvin Coolidge
66%
1909-1913 William Taft
64%
1845-1849 James K. Polk
62%
1837-1841 Martin Van Buren
62%
1881 James Garfield
61%
1841-1845 John Tyler
61%
1921-1923 Warren Harding
60%
1897-1901 William McKinley
59%
1877-1881 Rutherford B. Hayes
58%
1849-1850 Zachary Taylor
58%
1853-1857 Franklin Pierce
57%
1857-1861 James Buchanan
57%
1850-1853 Millard Fillmore
56%
1881-1885 Chester A. Arthur
47%
No matching quizzes found
Score Distribution
Percent of People with Each Score
Percentile by Number Answered
Your Score History
You have not taken this quiz